000 00777cab a22002415a 4500
001 L159918
008 150113e2017 xxk 000 0 eng d
035 _a(Sirsi) u159918
041 0 _aeng
050 _a690.24 $2 18
100 1 _aParrett, Mike
245 0 0 _aNothing lasts forever
_h[electronic resource]
260 _aLondon
_bRICS
_c2017
490 _aRICS Building Surveying Journal
_vMarch - April 2017, 6-9(4)
520 _aConsiders how building defects contribute to damp problems.
650 2 4 _aDAMP
650 2 4 _aMAINTENANCE
651 4 _aUnited Kingdom
_y
690 _aBUILT ENVIRONMENT-BUILDING PATHOLOGY
856 4 0 _uhttps://issuu.com/ricsmodus/docs/building_surveying_journal_march_ap
_yAvailable free online via Issuu
856 4 0 _u
_z
942 _n0
999 _c85064
_d85064